[Event "9th RUS-chT"]
[Site "Ekaterinburg RUS"]
[Date "2002.05.17"]
[Round "1"]
[White "Tseshkovsky,V"]
[Black "Tunik,G"]
[Result "0-1"]
[WhiteElo "2554"]
[BlackElo "2491"]

1.e4 c5 2.Nf3 e6 3.d4 cxd4 4.Nxd4 Nc6 5.Nc3 Qc7 6.Be2 a6 7.O-O Nf6 8.Be3 Bb4
9.Na4 Be7 10.Nxc6 bxc6 11.Nb6 Rb8 12.Nxc8 Qxc8 13.Bd4 Nxe4 14.Bxg7 Rg8 15.Be5 d6
16.Qd3 f5 17.Bf4 Qb7 18.Rad1 Rd8 19.Bh5+ Kd7 20.Qe2 Bg5 21.f3 Qb6+ 22.Kh1 Nf2+
23.Rxf2 Bxf4 24.Bf7 Rgf8 25.Qxe6+ Kc7 26.Re2 d5 27.Qxf5 Bd6 28.Qh5 Qxb2 29.Ree1 Qg7
30.Be6 Rf6 31.Bh3 Qh6 32.Qxh6 Rxh6 33.Rb1 a5 34.Re6 Rxe6 35.Bxe6 Rf8 36.c4 d4
37.Rd1 Be5 38.Bg4 h6 39.g3 Rb8 40.Rd2 Rb1+ 41.Kg2 Rc1 42.Be6 Kd6 43.Bg8 a4
44.h4 Bf6 45.g4 Kc5 46.g5 hxg5 47.hxg5 Be5 48.Rd3 Rc2+ 49.Kh3 Rxa2 50.g6 Bg7
51.f4 Bf6 52.Kg4 Ra1 53.Kf5 Bg7 54.Ke6 a3 55.Kf7 Bh6 56.Rg3 Bxf4 57.Rg2 d3
58.g7 Rh1 59.Kg6 Bh6 60.Be6 Bxg7 61.Kxg7 Kb4 62.c5 Kc3 63.Bg4 d2  0-1

[Event "9th RUS-chT"]
[Site "Ekaterinburg RUS"]
[Date "2002.05.17"]
[Round "1"]
[White "Inarkiev,E"]
[Black "Chigvintsev,A"]
[Result "1-0"]
[WhiteElo "2489"]
[BlackElo "2369"]

1.e4 c5 2.Nf3 e6 3.Nc3 Nc6 4.d4 cxd4 5.Nxd4 Qc7 6.Be2 a6 7.Be3 b5 8.Nxc6 Qxc6
9.O-O Bb7 10.Bf3 Qc7 11.Bd4 Ne7 12.Re1 d6 13.a4 b4 14.Na2 Nc6 15.c3 bxc3
16.Bxc3 Ne5 17.Rc1 Nxf3+ 18.Qxf3 Qd7 19.Ba5 Rc8 20.Rxc8+ Qxc8 21.Rc1 Qa8
22.Rc7 Be7 23.Bb4 Bxe4 24.Qf4 e5 25.Qg4 O-O 26.Rxe7 h5 27.Qg5 a5 28.Ba3 Qd8
29.Nc3 Bg6 30.Nd5 Qa8 31.Qd2 Be4 32.Nc7 Qc6 33.f3 Bg6 34.Nd5 Qxa4 35.Rc7 Kh7
36.h3 Qb5 37.Kh2 Rd8 38.Ne7 Qb6 39.Rc6 Qb7 40.Rxd6 Rxd6 41.Qxd6  1-0

[Event "52nd ch-RUS w"]
[Site "Elista RUS"]
[Date "2002.05.18"]
[Round "9"]
[White "Kryukova,I"]
[Black "Kozlovskaya,V"]
[Result "1-0"]
[WhiteElo "2304"]
[BlackElo "2246"]

1.e4 c5 2.Nf3 e6 3.d4 cxd4 4.Nxd4 Nc6 5.Nc3 Qc7 6.Be3 a6 7.Be2 Nf6 8.O-O Be7
9.f4 d6 10.Qe1 O-O 11.Qg3 Kh8 12.Rad1 Bd7 13.Kh1 Nxd4 14.Bxd4 Bc6 15.Bd3 Ne8
16.Rde1 Kg8 17.Qh3 g6 18.Qe3 Bf6 19.e5 Bg7 20.Bb6 Qc8 21.Rd1 Qb8 22.Rfe1 h5
23.a4 Bh6 24.Qg3 Ng7 25.Ne4 Bxe4 26.Bxe4 d5 27.Bd3 Qc8 28.a5 Kh7 29.Qf3 Qc6
30.Rf1 Rac8 31.c4 dxc4 32.Qxc6 bxc6 33.Bxc4 Ra8 34.Rd7 Kg8 35.g3 Rfc8 36.Kg2 Nf5
37.Bd3 Bf8 38.Rc1 Ne7 39.Rd6 Nd5 40.Rdxc6 Nxb6 41.axb6 Rcb8 42.Be4 a5 43.Rc7 Ra6
44.b7 Rb6 45.R1c2 Kg7 46.Rd7 Rb4 47.Rc8  1-0

[Event "Elekes Mem IM"]
[Site "Budapest HUN"]
[Date "2002.05.19"]
[Round "2"]
[White "Balogh,V"]
[Black "Medvegy,N"]
[Result "0-1"]
[WhiteElo "2236"]
[BlackElo "2338"]

1.e4 c5 2.Nf3 e6 3.d4 cxd4 4.Nxd4 Nc6 5.Nc3 Qc7 6.Be3 a6 7.Bd3 Nf6 8.O-O Bd6
9.f4 Bc5 10.Be2 Qb6 11.Na4 Bxd4 12.Nxb6 Bxe3+ 13.Kh1 Bxb6 14.Bd3 d6 15.Qf3 h5
16.Qg3 Kf8 17.Qh4 Bd8 18.Qf2 Ng4 19.Qd2 Be7 20.b4 d5 21.c3 Bd7 22.e5 g6 23.a4 Kg7
24.h3 Nh6 25.g3 Bd8 26.c4 a5 27.b5 Nb4 28.c5 Rc8 29.Rac1 Be7 30.Bb1 Nf5 31.Bxf5 exf5
32.Qd4 Be6 33.Kg2 Rc7 34.c6 bxc6 35.Qb6 Rhc8 36.Qxa5 c5 37.Rb1 d4 38.b6 Rb7
39.Rfc1 d3 40.Kf1 d2 41.Rd1 Bd8 42.Rxb4 cxb4 43.Qxb4 Rxb6 44.Qxd2 Rcb8 45.Rc1 Rb3
46.Rc3 Rb1+ 47.Kg2 Ba5  0-1

[Event "9th RUS-chT"]
[Site "Ekaterinburg RUS"]
[Date "2002.05.19"]
[Round "3"]
[White "Dolmatov,S"]
[Black "Tunik,G"]
[Result "1/2-1/2"]
[WhiteElo "2586"]
[BlackElo "2491"]

1.e4 c5 2.Nf3 e6 3.d4 cxd4 4.Nxd4 Nc6 5.Nc3 Qc7 6.Be2 a6 7.O-O Nf6 8.Be3 Bb4
9.Na4 Be7 10.Nxc6 bxc6 11.Nb6 Rb8 12.Nxc8 Qxc8 13.Bd4 d5 14.exd5 cxd5 15.c4 dxc4
16.Qa4+ Qd7 17.Qxd7+ Nxd7 18.Bxc4 Bf6 19.Bxf6 gxf6 20.Bxa6 Nc5 21.Bc4 Rxb2
22.a4 O-O 23.a5 Ra8 24.Rfc1 Nb3 25.Bxb3 Rxb3 26.Rc5 f5 27.g3 Ra7 28.Kg2 Rb4
29.Ra2 Kf8 30.f4 Kg7 31.Kh3 Kg6 32.Kh4 Rb8 33.Ra4 h5 34.Rc6 Rb2 35.h3 Rb8
36.a6 Kf6 37.Rac4 Rba8 38.Rc8 Rxa6 39.Kxh5 Ra3 40.Kh4 Kg6  1/2-1/2

[Event "4th Borowski GM"]
[Site "Essen GER"]
[Date "2002.05.19"]
[Round "4"]
[White "Leko,P"]
[Black "Lutz,C"]
[Result "1-0"]
[WhiteElo "2707"]
[BlackElo "2644"]

1.e4 c5 2.Nf3 e6 3.d4 cxd4 4.Nxd4 Nc6 5.Nc3 Qc7 6.Be3 a6 7.Qd2 Nf6 8.O-O-O Bb4
9.f3 Ne5 10.Nb3 b5 11.Bd4 Be7 12.Kb1 d6 13.Qf2 O-O 14.g4 b4 15.Na4 Bb7 16.Rg1 Nfd7
17.Nb6 Rab8 18.g5 Rfd8 19.Nxd7 Nxd7 20.h4 d5 21.Bd3 e5 22.Ba7 Ra8 23.exd5 Rxa7
24.Qxa7 Nc5 25.d6 Bxd6 26.Be4 Nxe4 27.fxe4 Ra8 28.Qe3 a5 29.Qd3 Rd8 30.Rgf1 a4
31.Nd2 Bf8 32.Qc4 Qd7 33.Rf2 Rc8 34.Qd3 Qe6 35.Qb5 Bc6 36.Qc4 Qe8 37.Rdf1 Bb5
38.Qxf7+ Qxf7 39.Rxf7 Bxf1 40.Rxf1 Be7 41.Rf5 Rc5 42.Nf3 Bd6 43.Kc1 Bc7 44.Nd2 Bd8
45.Nf3 Bc7 46.Kd1 Bd6 47.Kd2 Bc7 48.Nd4 Bd6 49.Nf3 Bc7 50.Nd4 Bd6 51.Ne2 Rc8
52.Kd3 Rd8 53.c3 Bc5+ 54.Kc4 Bf8 55.Rxe5 Rd2 56.Nd4 Rxb2 57.cxb4 Rxb4+ 58.Kc3 Rb8
59.Rb5 Rc8+ 60.Kd3 Rc1 61.e5 Re1 62.h5  1-0

[Event "ch-LTU"]
[Site "Vilnius LTU"]
[Date "2002.05.20"]
[Round "5"]
[White "Malisauskas,V"]
[Black "Ruzele,D"]
[Result "1-0"]
[WhiteElo "2514"]
[BlackElo "2545"]

1.e4 c5 2.Nf3 e6 3.d4 cxd4 4.Nxd4 Nc6 5.Nc3 Qc7 6.a3 a6 7.Be3 Nf6 8.f4 d6
9.Be2 Be7 10.O-O O-O 11.Kh1 Rd8 12.Qe1 Nxd4 13.Bxd4 e5 14.Be3 exf4 15.Bxf4 Be6
16.Qg3 Nd7 17.Bg4 Nf8 18.Be3 Ng6 19.Bd4 Re8 20.Qh3 Bg5 21.Bf5 Qe7 22.Rad1 Rad8
23.a4 Bc4 24.Nd5 Bxd5 25.exd5 h6 26.Bb6 Ra8 27.Bxg6 fxg6 28.c4 Bf6 29.b4 Qe4
30.Qb3 Qe2 31.Bg1 Re4 32.c5 Rg4 33.Qh3 Rxb4 34.cxd6 Kh7 35.a5 Rd8 36.Rde1 Qg4
37.Qxg4 Rxg4 38.Rxf6  1-0

[Event "Tanta Open"]
[Site "Tanta City EGY"]
[Date "2002.05.21"]
[Round "8"]
[White "Sameeh,H"]
[Black "Naby,S"]
[Result "1-0"]
[WhiteElo "2333"]
[BlackElo "2266"]

1.e4 c5 2.Nf3 Nc6 3.d4 cxd4 4.Nxd4 e6 5.Nc3 a6 6.g3 Qc7 7.Bg2 Nf6 8.O-O Nxd4
9.Qxd4 Bc5 10.Qd3 h6 11.Bf4 d6 12.Rad1 e5 13.Be3 Bg4 14.Rc1 O-O 15.h3 Be6
16.Nd5 Bxd5 17.exd5 Rfd8 18.c4 Qe7 19.Rfe1 b6 20.a3 a5 21.Bd2 a4 22.Re2 Nd7
23.Kh2 Rf8 24.Be4 Nf6 25.Bg2 Nd7 26.Be4 Kh8 27.Bc3 g6 28.Qd1 f5 29.Bc2 f4
30.Qd3 g5 31.Rce1 Ra7 32.Rd2 Qg7 33.Qg6 Qxg6 34.Bxg6 Rf6 35.Bc2 Kg8 36.g4 Nf8
37.Kg2 Ng6 38.Bxg6 Rxg6 39.Kf3 Rgg7 40.Ke4 Rgf7 41.Kf3 Kh7 42.Rd3 Kg6 43.Re2 h5
44.Ke4 Rh7 45.f3 hxg4 46.hxg4 Rh3 47.Bb4 Rc7 48.Rc2 Rh1 49.Bc3 Bxa3 50.Bd2 Bc5
51.Bc3 Rch7 52.Rdd2 Be3 53.Re2 Rc7 54.Bb4 Rd1 55.Bxd6 Rd4+ 56.Kxe5 Rc8 57.Ke6 Rcxc4
58.Be5 Rxc2 59.Rxc2 Rd3 60.d6  1-0

[Event "ch-LTU"]
[Site "Vilnius LTU"]
[Date "2002.05.21"]
[Round "6"]
[White "Zapolskis,A"]
[Black "Malisauskas,V"]
[Result "0-1"]
[WhiteElo "2397"]
[BlackElo "2514"]

1.e4 c5 2.Nf3 e6 3.d4 cxd4 4.Nxd4 Nc6 5.Nc3 Qc7 6.g3 a6 7.Bg2 Nf6 8.Nb3 d6
9.a4 b6 10.O-O Be7 11.f4 Rb8 12.g4 Nd7 13.g5 b5 14.axb5 axb5 15.Be3 b4 16.Ne2 Nb6
17.Qd3 O-O 18.Ng3 g6 19.Qe2 Re8 20.Rfc1 Nd7 21.Qf2 Bb7 22.c4 Nc5 23.Nxc5 dxc5
24.Rf1 Nd4 25.e5 b3 26.Ra7 Qb6 27.Rxb7 Rxb7 28.Bxb7 Qxb7 29.Bxd4 cxd4 30.Qf3 Qa7
31.Qd3 Qa2 32.Rf2 Rc8 33.Ne4 Qa4 34.Nd2 Qa1+ 35.Kg2 Qxb2 36.Nxb3 Qc3 37.Rd2 Bb4
38.c5 Bxc5 39.Nxc5 Qxc5 40.Qxd4 Qc6+ 41.Kg3 Kg7 42.Qd7 Qc1 43.Qd4 Qe1+ 44.Kf3 Qh1+
45.Kg3 Ra8 46.Qe3 Ra1 47.Rg2 Qf1 48.Re2 Rb1 49.Qf2 Qd1 50.Kg2 Qd5+ 51.Kg3 Rd1
52.Qf3 Qd4 53.Qe4 Rg1+ 54.Kh3 Qc3+ 55.Qe3 Qa1 56.Qf2 Qd1 57.Qe3 Qb1 58.Qe4 Qa1
59.Qe3 Rc1 60.Ra2 Qb1 61.Rg2 Rd1 62.Rd2 Rf1 63.Kg2 Re1 64.Re2 Qb7+ 65.Kh3 Rb1
66.Qe4 Qb6 67.Kg2 Rb3 68.Rc2 Re3 69.Qa8 Qd4 70.Rf2 Qd1 71.Rf3 Re1 72.Kh3  0-1

[Event "ch-LTU"]
[Site "Vilnius LTU"]
[Date "2002.05.23"]
[Round "9"]
[White "Sarakauskas,G"]
[Black "Ruzele,D"]
[Result "1/2-1/2"]
[WhiteElo "2388"]
[BlackElo "2545"]

1.e4 c5 2.Nf3 e6 3.d4 cxd4 4.Nxd4 Nc6 5.Nc3 Qc7 6.Be2 Nf6 7.O-O a6 8.Kh1 Bb4
9.Nxc6 bxc6 10.Qd3 d5 11.Bg5 Be7 12.f4 h6 13.Bh4 a5 14.e5 Nd7 15.Bxe7 Kxe7
16.Qg3  1/2-1/2

[Event "Guillermo Garcia ALFIL"]
[Site "Santa Clara CUB"]
[Date "2002.05.28"]
[Round "9"]
[White "De la Paz,F"]
[Black "Bruzon,L"]
[Result "1/2-1/2"]
[WhiteElo "2427"]
[BlackElo "2569"]

1.e4 c5 2.Nf3 e6 3.d4 cxd4 4.Nxd4 Nc6 5.Nc3 Qc7 6.Be3 a6 7.Bd3 b5 8.O-O Bb7
9.Nxc6 Qxc6 10.a3 Nf6 11.Re1 Be7 12.Bd4 Qd6 13.Be3 O-O 14.Qf3 Qc7 15.Qh3 d6
16.e5 dxe5 17.Bg5 e4 18.Nxe4 Nxe4 19.Bxe7 Qxe7 20.Rxe4 Bxe4 21.Bxe4 h6 22.Bxa8 Rxa8
23.Rd1  1/2-1/2

[Event "3rd EIWCh"]
[Site "Varna BUL"]
[Date "2002.05.28"]
[Round "2"]
[White "Karahaliou,E"]
[Black "Gasparian,N"]
[Result "0-1"]
[WhiteElo "2058"]
[BlackElo "2204"]

1.e4 c5 2.Nf3 Nc6 3.d4 cxd4 4.Nxd4 e6 5.Nc3 Qc7 6.Be3 a6 7.Be2 Nf6 8.O-O Bb4
9.Nxc6 bxc6 10.Na4 Be7 11.Nb6 Rb8 12.Nxc8 Qxc8 13.Qd4 Rb4 14.c4 c5 15.Qd3 d6
16.b3 O-O 17.Bd2 Rb8 18.Bc3 Qc7 19.Qg3 Qc6 20.Bd3 e5 21.Rae1 Nh5 22.Qe3 Nf4
23.Be2 a5 24.Bg4 a4 25.Rb1 axb3 26.axb3 Bg5 27.Qe1 Rb7 28.g3 Ne6 29.Bxe6 fxe6
30.b4 cxb4 31.Rxb4 Rbf7 32.Qe2 Rf3 33.Ba1 Be3 34.Rbb1 Ba7 35.Rbd1 Rxf2 36.Rxf2 Rxf2
37.Qxf2 Bxf2+ 38.Kxf2 Qxc4 39.Ke3 d5 40.exd5 exd5 41.Re1 d4+ 42.Kf2 e4 43.Rd1 e3+
44.Ke1 Qc2  0-1

[Event "3rd EIWCh"]
[Site "Varna BUL"]
[Date "2002.05.28"]
[Round "2"]
[White "Paehtz,E"]
[Black "Ionica,I"]
[Result "0-1"]
[WhiteElo "2385"]
[BlackElo "2228"]

1.e4 c5 2.Nf3 e6 3.d4 cxd4 4.Nxd4 Nc6 5.Nc3 Qc7 6.Be3 a6 7.Be2 Nf6 8.f4 d6
9.Qd2 Be7 10.O-O-O O-O 11.g4 b5 12.g5 Nxd4 13.Qxd4 Nd7 14.Rhg1 Re8 15.h4 Rb8
16.f5 b4 17.g6 fxg6 18.fxg6 Bf6 19.Nd5 exd5 20.Qxd5+ Kh8 21.Rdf1 Re5 22.Qf7 Bb7
23.b3 Bxe4 24.Bc4 Re7 25.Rxf6 Nxf6  0-1

[Event "3rd EIWCh"]
[Site "Varna BUL"]
[Date "2002.05.28"]
[Round "2"]
[White "Arakhamia,K"]
[Black "Milliet,S"]
[Result "1-0"]
[WhiteElo "2425"]
[BlackElo "2163"]

1.e4 c5 2.Nf3 e6 3.d4 cxd4 4.Nxd4 Nc6 5.Nc3 Qc7 6.Be2 a6 7.O-O Nf6 8.Nxc6 bxc6
9.f4 Bc5+ 10.Kh1 d6 11.Bf3 Bb7 12.Na4 Ba7 13.c4 O-O 14.b3 Rfd8 15.Bb2 e5
16.c5 Qe7 17.Qe1 Nd7 18.cxd6 Qxd6 19.Rd1 Qe7 20.Qa5 exf4 21.Qc7 Rab8 22.Bg4 Qxe4
23.Rxd7 Rxd7 24.Qxd7 a5 25.Bf5 Qe2 26.Bd3 Qe3 27.Qf5 g6 28.Qf6 Kf8 29.Bc4  1-0

[Event "3rd EIWCh"]
[Site "Varna BUL"]
[Date "2002.05.28"]
[Round "2"]
[White "Dworakowska,J"]
[Black "Djingarova,E"]
[Result "1-0"]
[WhiteElo "2445"]
[BlackElo "2315"]

1.e4 c5 2.Nf3 e6 3.d4 cxd4 4.Nxd4 Nc6 5.Nc3 Qc7 6.Be3 Nf6 7.Bd3 Nxd4 8.Bxd4 Bc5
9.Bxc5 Qxc5 10.Qe2 d6 11.Bb5+ Bd7 12.Bxd7+ Nxd7 13.O-O-O O-O-O 14.Rd2 Kb8
15.Rhd1 Nb6 16.Qb5 Qc7 17.Rd4 a6 18.Qb3 Rd7 19.Rb4 Nc8 20.Qa4 Ka8 21.Rdd4 Na7
22.Rbc4 Qd8 23.Qa3 Qg5+ 24.Rd2 Nb5 25.Nxb5 Qxb5 26.Qc3 Rhd8 27.a4 Qe5 28.Rc8+ Ka7  1-0

[Event "Guillermo Garcia TORRE"]
[Site "Santa Clara CUB"]
[Date "2002.05.29"]
[Round "10"]
[White "Gonzalez,Y"]
[Black "Garcia Martinez,S"]
[Result "1-0"]
[WhiteElo "2444"]
[BlackElo "2395"]

1.e4 c5 2.Nf3 e6 3.d4 cxd4 4.Nxd4 Nc6 5.Nc3 Qc7 6.Be3 a6 7.Qd2 Nf6 8.f3 b5
9.g4 h6 10.O-O-O Bb7 11.h4 Ne5 12.Kb1 b4 13.Na4 d5 14.Bf4 dxe4 15.Nb5 Qc6
16.Bxe5 axb5 17.Bxf6 gxf6 18.Nb6 e3 19.Qd3 Rb8 20.Nd7 Rc8 21.Nxf6+ Ke7 22.Ne4 Qc7
23.Be2 Bg7 24.Qb3 Qa5 25.Nd6 Rc7 26.Nf5+ exf5 27.Qxe3+ Be4 28.fxe4 Rhc8 29.exf5+ Kf8
30.Rd2 Ra8 31.Qb3 Rca7 32.Bf3 Qxa2+ 33.Qxa2 Rxa2 34.Bxa8 Rxb2+ 35.Kc1 Ra2
36.Rd8+ Ke7 37.Rg8  1-0

[Event "3rd EIWCh"]
[Site "Varna BUL"]
[Date "2002.05.29"]
[Round "3"]
[White "Ionica,I"]
[Black "Prudnikova,S"]
[Result "0-1"]
[WhiteElo "2228"]
[BlackElo "2422"]

1.e4 c5 2.Nf3 e6 3.d4 cxd4 4.Nxd4 Nc6 5.Nc3 a6 6.Nxc6 bxc6 7.e5 Qa5 8.f4 Ne7
9.Bd2 Nd5 10.Ne4 Qb6 11.Bd3 Be7 12.Qf3 f5 13.Nf2 O-O 14.O-O Bb7 15.Kh1 c5
16.Qh3 Nb4 17.b3 Kh8 18.Nd1 Qc6 19.Rf3 Nxd3 20.Rxd3 c4 21.Rg3 Qe4 22.Nb2 cxb3
23.cxb3 Bd5 24.Nd3 Rac8 25.Re1 Qd4 26.Qh5 Rc2 27.Rd1 Rfc8 28.Rh3 h6 29.Rg3 Bf8
30.h3 Be4 31.Qe2 Rxa2 32.Nf2 Bd5 33.Rd3 Qb6 34.Qe3 Bc5 35.Qg3 Bxf2 36.Qg6 Rac2  0-1

[Event "3rd EIWCh"]
[Site "Varna BUL"]
[Date "2002.05.30"]
[Round "4"]
[White "Zlatanova,E"]
[Black "Hasanova,E"]
[Result "0-1"]
[WhiteElo "2137"]
[BlackElo "2256"]

1.e4 c5 2.Nc3 e6 3.Nf3 Nc6 4.d4 cxd4 5.Nxd4 Nf6 6.g3 Bb4 7.Bg2 d5 8.O-O Bxc3
9.bxc3 O-O 10.exd5 exd5 11.Nxc6 bxc6 12.Re1 Bf5 13.Bg5 h6 14.Bxf6 Qxf6 15.Qd4 Qxd4
16.cxd4 Bxc2 17.a4 Rfb8 18.a5 Rb4 19.Rec1 Ba4 20.Bh3 Rd8 21.Rab1 Rdb8 22.Rxb4 Rxb4
23.Bd7 Rc4 24.Re1 Bb5 25.Re8+ Kh7 26.Bf5+ g6 27.Bd3 Rc1+ 28.Kg2 Bxd3 29.Re7 a6  0-1

[Event "3rd EIWCh"]
[Site "Varna BUL"]
[Date "2002.05.31"]
[Round "5"]
[White "Hlgatian,G"]
[Black "Shumiakina,T"]
[Result "0-1"]
[WhiteElo "2239"]
[BlackElo "2366"]

1.e4 c5 2.Nf3 Nc6 3.Nc3 e6 4.d4 cxd4 5.Nxd4 Nf6 6.Nxc6 bxc6 7.e5 Nd5 8.Ne4 Bb7
9.c4 Nb4 10.Bd2 c5 11.Bxb4 Bxe4 12.Bc3 Bc6 13.f3 Qg5 14.Kf2 f6 15.h4 Qh6
16.Qc1 Qxc1 17.Rxc1 Be7 18.h5 O-O 19.Bd3 fxe5 20.Bxe5 d6 21.Bc3 e5 22.Rce1 Rf4
23.Kg3 Raf8 24.a3 Bxf3 25.h6 Rg4+ 26.Kh3 Rxg2 27.Rhf1 Rg5  0-1

[Event "TCh-BIH"]
[Site "Neum BIH"]
[Date "2002.06.02"]
[Round "1"]
[White "Movsesian,S"]
[Black "Gavric,M"]
[Result "1-0"]
[WhiteElo "2624"]
[BlackElo "2380"]

1.e4 c5 2.Nf3 Nc6 3.Nc3 e6 4.d4 cxd4 5.Nxd4 Nf6 6.Nxc6 bxc6 7.e5 Nd5 8.Ne4 Bb7
9.c4 Nb4 10.c5 Qh4 11.Qf3 Nc2+ 12.Kd1 Nd4 13.Qf4 Qxf4 14.Bxf4 a5 15.h4 Ba6
16.Bxa6 Rxa6 17.h5 h6 18.Rh3 a4 19.Rc1 Kd8 20.Rc4 Nb5 21.Bd2 Be7 22.Rg3 f5
23.Nd6 Bxd6 24.exd6 Rh7 25.Bf4 Ke8 26.Be5 Kf7 27.Rg6 a3 28.b3 Ra8 29.g4 Rf8
30.gxf5 exf5 31.Rf4 Kg8 32.Kd2  1-0

[Event "FIDE GP"]
[Site "Moscow RUS"]
[Date "2002.06.03"]
[Round "3.2"]
[White "Polgar,Ju"]
[Black "Lautier,J"]
[Result "1/2-1/2"]
[WhiteElo "2677"]
[BlackElo "2675"]

1.e4 c5 2.Nf3 Nc6 3.d4 cxd4 4.Nxd4 e6 5.Nc3 a6 6.Be2 d6 7.O-O Nf6 8.Be3 Be7
9.f4 O-O 10.Kh1 Bd7 11.Qe1 b5 12.a3 Nxd4 13.Bxd4 Bc6 14.Qg3 Qd7 15.Bd3 a5
16.Rae1 b4 17.Nd1 bxa3 18.bxa3 g6 19.Nf2 Nh5 20.Qe3 f6 21.Bc4 Kh8 22.Rb1 Rac8
23.Nh3 d5 24.Ba6 Ra8 25.Be2 Ng7 26.e5 Nf5 27.Qd3 Nxd4 28.Qxd4 fxe5 29.fxe5 Rxf1+
30.Rxf1 Bb5 31.Bxb5 Qxb5 32.Rf7 Qe8 33.Rf1 Rc8 34.Qb6 Qc6 35.Qxa5 Ra8 36.Qd2 Rxa3
37.Qh6 Qe8 38.Ng5 Qg8 39.h3 Bxg5 40.Qxg5 Qe8 41.h4 Ra7 42.Rf6 Rf7 43.h5 Rxf6
44.Qxf6+ Kg8 45.hxg6 hxg6 46.g4 Kh7 47.Kh2 Qd7 48.Kg3  1/2-1/2

[Event "3rd EIWCh"]
[Site "Varna BUL"]
[Date "2002.06.03"]
[Round "7"]
[White "Hlgatian,G"]
[Black "Djingarova,E"]
[Result "1-0"]
[WhiteElo "2239"]
[BlackElo "2315"]

1.e4 c5 2.Nf3 e6 3.d4 cxd4 4.Nxd4 Nc6 5.Nc3 Qc7 6.Be2 a6 7.O-O Nf6 8.Be3 Be7
9.f4 d6 10.a4 O-O 11.Kh1 Re8 12.a5 Nxa5 13.e5 dxe5 14.fxe5 Qxe5 15.Bf4 Qc5
16.Na4 Qa7 17.Be3 Ne4 18.Bg1 b6 19.c4 Nf6 20.b4 Bxb4 21.Rxf6 gxf6 22.Bd3 Qe7
23.Nxb6 Bb7 24.Nxa8 Bxa8 25.Qg4+ Kf8 26.Bxh7 Qb7 27.Nc2 f5 28.Qg8+ Ke7 29.Qg5+ Kd7
30.Rd1+ Kc8 31.Nxb4 Qxb4 32.Bxf5 Qe7 33.Qxe7 Rxe7 34.Bd3 Rd7 35.c5 Bb7 36.h4 f5
37.Kh2 Nc6 38.Be2 Rh7 39.Kh3 e5 40.g4 f4 41.Bd3 Re7 42.Bf5+ Kc7 43.h5 Bc8
44.Bxc8 Kxc8 45.g5 e4 46.h6 Ne5 47.Bh2 e3 48.Bxf4 e2 49.Ra1 Nd3 50.Bd2 e1=Q
51.Bxe1 Nxe1 52.g6 Nf3 53.g7 Re8 54.Rxa6 Kb7 55.Rg6 Re3 56.g8=Q  1-0

[Event "FSGM June"]
[Site "Budapest HUN"]
[Date "2002.06.04"]
[Round "4"]
[White "Dembo,Y"]
[Black "Handke,F"]
[Result "1-0"]
[WhiteElo "2363"]
[BlackElo "2427"]

1.e4 c5 2.Nf3 e6 3.d4 cxd4 4.Nxd4 Nc6 5.Nc3 Qc7 6.Be3 a6 7.Bd3 Nf6 8.O-O b5
9.Nxc6 Qxc6 10.a3 Bb7 11.Qe2 h5 12.f3 Bd6 13.Bd4 Bc5 14.Qf2 Rc8 15.Ne2 e5
16.Bxc5 Qxc5 17.Qxc5 Rxc5 18.b4 Rc7 19.a4 bxa4 20.c4 d6 21.Rxa4 Nd7 22.Ra5 Nb6
23.Rc1 Ke7 24.Ng3 g6 25.Nf1 f5 26.c5 fxe4 27.Bxa6 dxc5 28.Bxb7 Rxb7 29.bxc5 Nd7
30.fxe4 Rc8 31.Ne3 Rc6 32.Nd5+ Ke6 33.Ra8 Nf6 34.Nxf6 Kxf6 35.Re8 Re7 36.Rf1+ Ke6
37.Rxe7+ Kxe7 38.Rc1 Rf6 39.g3 Ra6 40.c6 Kd8 41.Rc5 Ra1+ 42.Kg2 Ra6 43.Kh3 Kc7
44.Kh4 Ra2 45.h3 Re2 46.Rxe5 Kd6 47.Re8 Re3 48.e5+ Kc7 49.Re7+ Kb6 50.c7 Kb7
51.g4 Kc8 52.g5 Re4+ 53.Kg3 Re3+ 54.Kf4 Rxh3 55.e6 Rc3 56.Ke5 Rf3 57.Rf7 Re3+
58.Kf6 h4 59.e7 h3 60.Rf8+ Kxc7 61.e8=Q  1-0

[Event "FIDE GP"]
[Site "Moscow RUS"]
[Date "2002.06.04"]
[Round "4.3"]
[White "Kasimdzhanov,R"]
[Black "Polgar,Ju"]
[Result "1-0"]
[WhiteElo "2674"]
[BlackElo "2677"]

1.e4 c5 2.Nf3 e6 3.d4 cxd4 4.Nxd4 Nc6 5.Nc3 Qc7 6.Be3 a6 7.Qd2 Nf6 8.O-O-O b5
9.Bf4 Qb6 10.e5 Nxd4 11.exf6 Nc6 12.Ne4 d5 13.Nd6+ Kd7 14.Nxf7 Rg8 15.Ng5 Qa5
16.Qxa5 Nxa5 17.Nxh7 Bb7 18.Bd3 Bd6 19.Bxd6 Kxd6 20.f7 Rh8 21.f8=Q+ Raxf8
22.Nxf8 Rxf8 23.f3 Nc6 24.h4 e5 25.h5 Kc5 26.h6 gxh6 27.Rxh6 Rg8 28.Rg6 Re8
29.Re1 a5 30.Rg7 Bc8 31.Kd2 a4 32.a3 b4 33.axb4+ Nxb4 34.Rg5 Nc6 35.Ra1 Kb4
36.c3+ Ka5 37.b4+ Kb6 38.Rxa4 e4 39.fxe4 dxe4 40.b5 exd3 41.bxc6 Ba6 42.c4  1-0

[Event "3rd EIWCh"]
[Site "Varna BUL"]
[Date "2002.06.05"]
[Round "9"]
[White "Aleksieva,S"]
[Black "Alexandrova,O"]
[Result "1/2-1/2"]
[WhiteElo "2334"]
[BlackElo "2413"]

1.e4 c5 2.Nf3 e6 3.d4 cxd4 4.Nxd4 Nc6 5.Nc3 Qc7 6.f4 a6 7.Nxc6 Qxc6 8.Bd3 Nf6
9.Qe2 d6 10.Bd2 Be7 11.O-O-O Nd7 12.Kb1 Nc5 13.f5 Bf6 14.g4 Bd7 15.Qe3 O-O-O
16.Ne2 Na4 17.Bc1 Kb8 18.c3 Rhe8 19.g5 Be5 20.fxe6 Bxe6 21.Nd4 Qb6 22.Bc2 Qa5
23.Bxa4 Qxa4 24.b3 Qa5 25.Rd3 d5 26.Nxe6 Rxe6 27.Rhd1 Ree8 28.exd5 Bxc3 29.Qf3 Be5
30.Qxf7 Rf8 31.Qe7 Rfe8 32.Qa3 Qxa3 33.Bxa3 Bxh2 34.Rh3 Bd6 35.Bc1 h6 36.gxh6 gxh6
37.Rxh6 Re2 38.Re6 Rg2 39.Rde1 Kc7 40.R1e2 Rxe2 41.Rxe2 Rf8 42.Be3 Rf5 43.Rd2 Bg3
44.b4 Be1 45.Rd4 Bf2 46.Rf4 Rxf4 47.Bxf4+ Kd7 48.Kc2 b5 49.Kd3 Bb6 50.Be3 Bc7
51.Bc5 Bg3 52.Ke4 Bh2 53.Bf8 Bg1 54.Bh6 Bf2 55.Bf4 Be1 56.a3 a5 57.bxa5 Bxa5
58.Be3 Bc3 59.Bc5 Be1 60.Kd3 Bg3 61.Kc3 Be1+ 62.Kb3 Bd2 63.Bb4 Be3 64.Kc3 Bf2
65.Kd3 Bg3 66.Kc3  1/2-1/2

[Event "TCh-BIH"]
[Site "Neum BIH"]
[Date "2002.06.06"]
[Round "7"]
[White "Stojanovic,Da"]
[Black "Runic,Z"]
[Result "1-0"]
[WhiteElo "2442"]
[BlackElo "2447"]

1.e4 c5 2.Nf3 e6 3.d4 cxd4 4.Nxd4 Nc6 5.Nc3 Qc7 6.Be2 a6 7.f4 d6 8.Be3 Nf6
9.O-O Be7 10.Kh1 Bd7 11.Qe1 Na5 12.Rd1 h5 13.h3 h4 14.Bf2 Nc4 15.Bxc4 Qxc4
16.Bxh4 Nh5 17.Nde2 Nxf4 18.Bxe7 Nxe2 19.Nxe2 Kxe7 20.Qg3 Qc5 21.Qxg7 Raf8
22.Rxf7+ Rxf7 23.Qxh8 Qxc2 24.Nc3 Qf2 25.Qb8 Qb6 26.Re1 Qf2 27.Rd1 Qb6 28.Qh8 Qf2
29.Qd4 Qxd4 30.Rxd4 Rf2 31.b4 Rc2 32.Rd3 Be8 33.Rf3 Bc6 34.Rd3 Kf6 35.h4 Ke5
36.h5 Kf6 37.Rg3 Be8 38.h6 Bg6 39.Kh2 Rd2 40.Rh3 Bh7 41.Rg3 Bg6  1-0

[Event "3rd EIWCh"]
[Site "Varna BUL"]
[Date "2002.06.06"]
[Round "10"]
[White "Gaponenko,I"]
[Black "Mashinskaya,I"]
[Result "1-0"]
[WhiteElo "2418"]
[BlackElo "2300"]

1.e4 c5 2.Nf3 e6 3.d4 cxd4 4.Nxd4 Nc6 5.Nc3 Bb4 6.Nb5 a6 7.Nd6+ Ke7 8.Nxc8+ Rxc8
9.Bd2 Nf6 10.Bd3 d5 11.exd5 Nxd5 12.O-O Bxc3 13.bxc3 Ne5 14.Qh5 Nxd3 15.cxd3 Nf6
16.Qe2 Qd7 17.c4 b6 18.Rab1 Qc6 19.Qe3 Nd7 20.Bb4+ Kd8 21.Rfe1 h6 22.Qf4 f5
23.h4 Rg8 24.Qe3 e5 25.f4 g5 26.hxg5 hxg5 27.fxe5 f4 28.Qd4 Re8 29.Bd6 Re6
30.Kf2 Ke8 31.Rh1 Nf8 32.Rh8 Kf7 33.Rbh1 Qa4 34.Bxf8 Qc2+ 35.Kg1 Rxf8 36.Qd7+ Re7
37.Qf5+  1-0

[Event "FSGM June"]
[Site "Budapest HUN"]
[Date "2002.06.07"]
[Round "7"]
[White "Handke,F"]
[Black "Flumbort,A"]
[Result "0-1"]
[WhiteElo "2427"]
[BlackElo "2414"]

1.e4 c5 2.Nf3 e6 3.d4 cxd4 4.Nxd4 Nc6 5.Nc3 Qc7 6.Be3 Nf6 7.Be2 a6 8.a3 b5
9.f4 Nxd4 10.Qxd4 Bb7 11.Bf3 d6 12.O-O-O Rc8 13.Kb1 Nd7 14.Rhe1 Qc4 15.Qa7 Qc7
16.Qd4 Qc4 17.Qd2 Be7 18.Be2 Qc6 19.e5 d5 20.f5 O-O 21.Bd4 exf5 22.Qf4 Nc5
23.Bxc5 Qxc5 24.Bf3 Rcd8 25.Ne2 g6 26.Nd4 Qc7 27.h4 Rfe8 28.g3 Bf8 29.Rd3 Bg7
30.Rc3 Qb8 31.Rce3 Re7 32.h5 Rde8 33.Nxf5 gxf5 34.h6 Bh8 35.Qxf5 Rxe5 36.Bh5 Qc7
37.Rf1 R8e7 38.Qg4+ Kf8 39.Rc3 Qd7 40.Qh4 Re1+ 41.Rxe1 Rxe1+ 42.Ka2 Bxc3
43.bxc3 d4  0-1

[Event "3rd IECC"]
[Site "Batumi GEO"]
[Date "2002.06.12"]
[Round "1"]
[White "Galkin,A"]
[Black "Aroshidze,L"]
[Result "1-0"]
[WhiteElo "2569"]
[BlackElo "2346"]

1.e4 c5 2.Nf3 e6 3.d4 cxd4 4.Nxd4 Nc6 5.Nc3 Qc7 6.Be2 a6 7.O-O Nf6 8.Be3 Be7
9.f4 d6 10.a4 O-O 11.Kh1 Re8 12.Bf3 Bd7 13.Nb3 b6 14.g4 Bc8 15.g5 Nd7 16.Bg2 Bb7
17.Qe1 Bf8 18.Rf3 Nb4 19.Qf2 d5 20.Rh3 dxe4 21.Qh4 h6 22.Nd4 g6 23.gxh6 Nd5
24.Nxe4 Nc5 25.Nf6+ Nxf6 26.Qxf6 Kh7 27.Nf3 Ne4 28.Ng5+ Nxg5 29.fxg5 Bxg2+
30.Kxg2 e5 31.Rf1 Qxc2+ 32.Rf2 Qe4+ 33.Rhf3 Re7 34.Qxb6 Re6 35.Qb3 Rae8 36.Kg1 f5
37.gxf6 Qc6 38.f7 Rc8 39.Rf1 Rd6 40.Bf2 Qe4 41.Qe3 Qg4+ 42.Bg3 Re6 43.Kh1 Bxh6
44.f8=N+ Bxf8 45.Qa7+ Kg8 46.Rxf8+  1-0

[Event "3rd IECC"]
[Site "Batumi GEO"]
[Date "2002.06.12"]
[Round "1"]
[White "Petrov,M"]
[Black "Krasenkow,M"]
[Result "1/2-1/2"]
[WhiteElo "2469"]
[BlackElo "2641"]

1.e4 c5 2.Nf3 Nc6 3.Nc3 e6 4.d4 cxd4 5.Nxd4 Nf6 6.Ndb5 d6 7.Bf4 e5 8.Bg5 a6
9.Na3 b5 10.Nd5 Be7 11.Nxe7 Nxe7 12.f3 d5 13.exd5 Nfxd5 14.c4 bxc4 15.Nxc4 f6
16.Bd2 O-O 17.Be2 Nf5 18.Ba5 Qd7 19.Nb6 Nxb6 20.Bxb6 Qc6 21.Bf2 Be6 22.O-O Rfd8
23.Rc1 Qb7 24.Qc2 Nd4 25.Bxd4 Rxd4 26.Qc6 Qxc6 27.Rxc6 Bxa2 28.Rxa6 Rxa6
29.Bxa6 Rd2 30.Ra1 Be6 31.b4 Rb2 32.Bd3 Rxb4  1/2-1/2